Caracortada = Scarface /

Presentación en DVD, dividida en dos volúmenes, del décimo quinto largometraje realizado por el cineasta norteamericano Brian de Palma, quien a partir de un guión de su colega Oliver Stone narra la crónica del veloz ascenso de un narcotraficante ficticio de origen cubano, procedente del llamado Exod...

Szczegółowa specyfikacja

Zapisane w:
Opis bibliograficzny
1. autor: Palma, Brian de (realización)
Kolejni autorzy: Stone, Oliver (guión) (guión), Alonzo, John A. (fotógrafo) (fotógrafo), Greenberg, Gerald B. (montaje) (montaje), Ray, David (montaje) (montaje), Moroder, Giorgio (música) (música), Pacino, Al (actuación) (actuación), Bauer, Steven (actuación) (actuación), Pfeiffer, Michelle (actuación) (actuación)
Format: Diapozytyw
Język:angielski
Wydane: Universal City, EUA : Universal Pictures, 1983, c1983
Hasła przedmiotowe:
Etykiety: Dodaj etykietę
Nie ma etykietki, Dołącz pierwszą etykiete!

MARC

LEADER 00000ngm^a2200000^a^4500
001 000312066
005 20250521000000.0
009 20260310113104.229
037 |a Acervo ITESO - Biblioteca 
041 |a ING 
082 |a 810.  |b PAL V. 1 
100 |a Palma, Brian de  |e (realización) 
240 1 1 |a [Caracortada] 
245 1 0 |a Caracortada =  |b Scarface /  |c Realización de B. de Palma. 
264 4 |a Universal City, EUA :  |b Universal Pictures,  |c 1983, c1983 
264 2 |a México :  |b Universal Pictures [distribución],  |c 2004, c2004 
300 |a 1 DVD regiones 1 y 4  |c (170 min.) 
336 |a imagen móvil bidimensional  |b tdi  |2 rdacontenido 
337 |a video  |b v  |2 rdamedio 
338 |a videodisco  |b vd  |2 rdasoporte 
500 |a Basado en: Scarface, de Armitage Trail 
500 |a Basado en: Scarface, de Ben Hecht y Howard Hawks 
520 |a Presentación en DVD, dividida en dos volúmenes, del décimo quinto largometraje realizado por el cineasta norteamericano Brian de Palma, quien a partir de un guión de su colega Oliver Stone narra la crónica del veloz ascenso de un narcotraficante ficticio de origen cubano, procedente del llamado Exodo del Mariel (1980), en el Miami de inicios de la década de 1980. La película está dedicada a Howard Hawks y Ben Hecht, director y coguionista –junto con el propio Hawks- de Caracortada (1932), basada a su vez en una novela (1929) de Armitage Trail sobre el célebre mafioso neoyorkino Al Capone. El filme de Hawks y Hecht sirvió de inspiración a De Palma y sus colaboradores, aunque los créditos no refieren abiertamente que se trata de un "remake" o segunda versión. 
520 |a Suplementos y características especiales: ninguna. Los suplementos están ubicados en el segundo volumen de la presentación. 
546 |a En español e inglés, con subtítulos opcionales: español 
546 |a Doblaje opcional: español 
649 |a XX 
650 |a Cubanos en Miami, EUA 
650 |a Películas Policíacas 
650 |a Dramas Cinematográficos 
650 |a Remake (Medios Audiovisuales) 
650 |a Cine Norteamericano -  |y 1980-1989 
650 |a Cine Norteamericano -  |y Siglo XX 
650 |a Novela Norteamericana -  |x Adaptaciones para Cine 
650 |a Literatura Norteamericana -  |y Siglo XX -  |x Adaptaciones para Cine 
650 |a Literatura y Cine 
650 |a Exilio Cubano en Miami, EUA 
650 |a Exilio Cubano en EUA 
650 |a Emigración -  |z Cuba 
650 |a Inmigración -  |z EUA 
650 |a Migración -  |z Cuba-EUA 
650 |a Narcotráfico -  |z Miami, EUA -  |x Historia -  |y 1981-1989 -  |x Tema Principal 
650 |a Narcotráfico -  |z Miami, EUA -  |x Historia -  |y Siglo XX 
650 |a Mafia -  |z EUA -  |x Historia 
650 |a Crimen Organizado -  |z EUA -  |x Historia 
650 |a Violencia -  |z EUA 
650 |a Corrupción -  |z EUA 
650 |a Drogadicción -  |z EUA 
650 |a Adicciones -  |z EUA 
650 |a Problemas Sociales -  |z EUA 
650 |a Psicopatología 
650 |a Habitus 
650 |a Conducta de Vida 
700 |a Stone, Oliver  |e (guión) 
700 |a Alonzo, John A.  |e (fotógrafo) 
700 |a Greenberg, Gerald B.  |e (montaje) 
700 |a Ray, David  |e (montaje) 
700 |a Moroder, Giorgio  |e (música) 
700 |a Pacino, Al  |e (actuación) 
700 |a Bauer, Steven  |e (actuación) 
700 |a Pfeiffer, Michelle  |e (actuación) 
910 |a Fondo General 
920 |a Audiovisuales - DVDs 
940 |a Películas 
905 |a 302 
901 |a 0500172355  |b IT2  |c DVS  |i C117625  |u 20250521 
902 |a https://opac.biblio.iteso.mx/vufind/Record/000312066